000
00209 a2200097 4500
001
17371
100
_a
Mills
245
_a
Management for technologists
260
_a
_b
Business Books
_c
090
_c
12834
_d
12834
942
_a
NUST-CAE
_c
M
_c
3152
999
_c
252444
_d
252444